书目信息 |
| 题名: |
精通Windows Server 2008命令行与PowerShell
|
|
| 作者: | 韩小琴 , 刘学民 , 王淑江 编著 | |
| 分册: | ||
| 出版信息: | 北京 中国铁道出版社 2009.09 |
|
| 页数: | 535页 | |
| 开本: | 26cm | |
| 丛书名: | ||
| 单 册: | ||
| 中图分类: | TP316.86 | |
| 科图分类: | ||
| 主题词: | 服务器--操作系统(软件) | |
| 电子资源: | ||
| ISBN: | 978-7-113-10188-6 | |
| 000 | 01082nam0 2200265 450 | |
| 001 | 012009615978 | |
| 005 | 20101123180139.39 | |
| 010 | @a978-7-113-10188-6@dCNY75.00 (含光盘) | |
| 010 | @a978-7-89459-151-7@b光盘 | |
| 100 | @a20101129d2009 em y0chiy0110 ea | |
| 101 | 0 | @achi |
| 102 | @aCN@b110000 | |
| 105 | @aa z 000yy | |
| 200 | 1 | @a精通Windows Server 2008命令行与PowerShell@Ajing tong Windows Server 2008 ming ling xing yu PowerShell@f韩小琴, 刘学民, 王淑江编著 |
| 210 | @a北京@c中国铁道出版社@d2009.09 | |
| 215 | @a535页@c图@d26cm@e光盘1片 | |
| 330 | @a本书介绍了Windows Server 2008命令行、PowerShell和脚本的使用,包括文件和文件夹的管理、磁盘管理、系统管理、活动目录管理、网络管理、网络服务管理、系统诊断、故障恢复、系统安全、批处理和配置文件,PowerShell等一系列的命令行管理方式以及脚本。 | |
| 606 | 0 | @a服务器@x操作系统(软件) |
| 610 | 0 | @aWindows Server 2008 |
| 690 | @aTP316.86@v4 | |
| 701 | 0 | @a韩小琴@Ahan xiao qin@4编著 |
| 701 | 0 | @a刘学民@Aliu xue min@4编著 |
| 701 | 0 | @a王淑江@Awang shu jiang@4编著 |
| 801 | 0 | @aCN@c20101129 |
| 905 | @dTP316.86@eH100 | |
| 精通Windows Server 2008命令行与PowerShell/韩小琴, 刘学民, 王淑江编著.-北京:中国铁道出版社,2009.09 |
| 535页:图;26cm+光盘1片 |
| ISBN 978-7-113-10188-6:CNY75.00 (含光盘) |
| 本书介绍了Windows Server 2008命令行、PowerShell和脚本的使用,包括文件和文件夹的管理、磁盘管理、系统管理、活动目录管理、网络管理、网络服务管理、系统诊断、故障恢复、系统安全、批处理和配置文件,PowerShell等一系列的命令行管理方式以及脚本。 |
| ● |
| 相关链接 |
|
|
|
正题名:精通Windows Server 2008命令行与PowerShel
索取号:TP316.86/H100
 
预约/预借
| 序号 | 登录号 | 条形码 | 馆藏地/架位号 | 状态 | 备注 |
| 1 | 1035033 | 210350332 | 自科库301/301自科库 58排7列1层/ [索取号:TP316.86/H100] | 在馆 | |
| 2 | 1035034 | 210350341 | 自科二线400A/400A自科库 2排2列1层/ [索取号:TP316.86/H100] | 在馆 | |
| 3 | 1035035 | 210350350 | 自科二线504/504自科库 3排2列3层/ [索取号:TP316.86/H100] | 在馆 | |
| 4 | 1035036 | 210350369 | 自科二线504/504自科库 4排2列4层/ [索取号:TP316.86/H100] | 在馆 | |
| 5 | 1035037 | 210350378 | 自科库301/301自科库 58排7列1层/ [索取号:TP316.86/H100] | 在馆 |